| Tag |
First Indicator |
Second Indicator |
Subfields |
| LEADER |
00000cam a2200000 a 4500 |
| 001 |
in00000006197 |
| 005 |
20150928150023.0 |
| 008 |
990806s1999 vauab b f000 0 eng d |
| 035 |
|
|
|a (OCoLC)42023777
|
| 035 |
|
|
|9 AJK1428AM
|
| 040 |
|
|
|d GPO
|d DLC
|d MvI
|d UtOrBLW
|
| 043 |
|
|
|a n-us-ks
|
| 049 |
|
|
|a UDOC
|
| 074 |
|
|
|a 0624-B
|
| 086 |
0 |
|
|a I 19.42/4:99-4115
|
| 100 |
1 |
|
|a Myers, Nathan C.
|
| 245 |
1 |
0 |
|a Analysis of water-level data and ground-water flow modeling at Fort Riley, Kansas /
|c N.C. Myers, P.J. Finnegan, and J.D. Breedlove ; prepared in cooperation with the U.S. Department of the Army, Fort Riley, Kansas.
|
| 246 |
2 |
|
|a Analysis of water level data and ground water flow modeling at Fort Riley, Kansas
|
| 246 |
1 |
|
|i At head of title:
|a USGS science for a changing world
|
| 264 |
|
1 |
|a [Reston, Va.] :
|b [U.S. Dept. of the Interior, U.S. Geological Survey],
|c [1999]
|
| 300 |
|
|
|a 1 folded sheet (6 pages) :
|b color illustrations, color maps ;
|c 28 cm.
|
| 336 |
|
|
|a text
|b txt
|2 rdacontent
|
| 337 |
|
|
|a unmediated
|b n
|2 rdamedia
|
| 338 |
|
|
|a sheet
|b nb
|2 rdacarrier
|
| 490 |
1 |
|
|a USGS Water resources investigations report ;
|v 99-4115
|
| 500 |
|
|
|a Caption title.
|
| 500 |
|
|
|a Shipping list number: 99-0336-P.
|
| 500 |
|
|
|a "July 1999"--P. [1].
|
| 504 |
|
|
|a Includes bibliographical references (page [6]).
|
| 650 |
|
0 |
|a Groundwater flow
|z Kansas
|z Fort Riley
|x Mathematical models.
|
| 650 |
|
0 |
|a Water table
|z Kansas
|z Fort Riley.
|
| 700 |
1 |
|
|a Finnegan, P. J.
|
| 700 |
1 |
|
|a Breedlove, J. D.
|
| 710 |
1 |
|
|a Fort Riley (Kan.)
|
| 710 |
2 |
|
|a Geological Survey (U.S.)
|
| 830 |
|
0 |
|a Water-resources investigations report ;
|v 99-4115.
|
| 999 |
|
|
|a MARS
|
| 999 |
f |
f |
|s d8aae0d0-ae9f-3ecb-92b5-5394e59ed097
|i d0d816c1-9b90-3c6f-98c7-e0c1a4e78190
|t 0
|
| 952 |
f |
f |
|p normal
|a Texas A&M University
|b College Station
|c Sterling C. Evans Library
|d Evans: US Documents (Annex 5th floor)
|t 0
|e I 19.42/4:99-4115
|h Superintendent of Documents classification
|i unmediated -- sheet
|m A14824322544
|
| 998 |
f |
f |
|a I 19.42/4:99-4115
|t 0
|l Evans: US Documents (Annex 5th floor)
|